MARC details
| 000 -LEADER |
| fixed length control field |
01467cam a2200337 4500 |
| 001 - CONTROL NUMBER |
| control field |
X113372 |
| 008 - FIXED-LENGTH DATA ELEMENTS--GENERAL INFORMATION |
| fixed length control field |
000000n2001 000 0 eng u |
| 035 ## - SYSTEM CONTROL NUMBER |
| System control number |
(Sirsi) u113372 |
| 245 ## - TITLE STATEMENT |
| Title |
Valuation special |
| 260 ## - PUBLICATION, DISTRIBUTION, ETC. |
| Date of publication, distribution, etc. |
2001 |
| 490 ## - SERIES STATEMENT |
| Series statement |
IRRV Insight |
| Volume/sequential designation |
(42) June 2001, 17-21(5) |
| 520 ## - SUMMARY, ETC. |
| Summary, etc. |
Includes "An exceptional case", four leading valuers select what they consider to be the outstanding rating cases, and "A firm foundation", which describes the provisions of the Valuation Act 2001 recently passed by the Irish parliament and which provides for the first revaluation of property in the Irish Republic for 150 years. Case law. |
| 650 ## - SUBJECT ADDED ENTRY--TOPICAL TERM |
| Topical term or geographic name entry element |
BRITISH TELECOMMUNICATIONS PLC V SANDERSON (CENTRAL VO) |
| 650 ## - SUBJECT ADDED ENTRY--TOPICAL TERM |
| Topical term or geographic name entry element |
CHINA LIGHT AND POWER CO V RATING COMMISSIONER |
| 650 ## - SUBJECT ADDED ENTRY--TOPICAL TERM |
| Topical term or geographic name entry element |
COVENTRY AND SOLIHULL WASTE DISPOSAL CO LTD V RUSSELL (VO) |
| 650 ## - SUBJECT ADDED ENTRY--TOPICAL TERM |
| Topical term or geographic name entry element |
DAWKINS (VO) V LEAMINGTON SPA CORPORATION AND ANOTHER |
| 650 ## - SUBJECT ADDED ENTRY--TOPICAL TERM |
| Topical term or geographic name entry element |
EIRE |
| 650 ## - SUBJECT ADDED ENTRY--TOPICAL TERM |
| Topical term or geographic name entry element |
K SHOE SHOPS V HARDY |
| 650 ## - SUBJECT ADDED ENTRY--TOPICAL TERM |
| Topical term or geographic name entry element |
LADIES HOSIERY AND UNDERWEAR LTD V WEST MIDDLESEX ASSESSMENT COMMITTEE |
| 650 ## - SUBJECT ADDED ENTRY--TOPICAL TERM |
| Topical term or geographic name entry element |
R V MELLADEW |
| 650 ## - SUBJECT ADDED ENTRY--TOPICAL TERM |
| Topical term or geographic name entry element |
RATING |
| 650 ## - SUBJECT ADDED ENTRY--TOPICAL TERM |
| Topical term or geographic name entry element |
RATING APPEALS |
| 650 ## - SUBJECT ADDED ENTRY--TOPICAL TERM |
| Topical term or geographic name entry element |
RATING DECISIONS |
| 650 ## - SUBJECT ADDED ENTRY--TOPICAL TERM |
| Topical term or geographic name entry element |
SIR ANTHONY EARBY'S CASE |
| 650 ## - SUBJECT ADDED ENTRY--TOPICAL TERM |
| Topical term or geographic name entry element |
Valuation |
| 9 (RLIN) |
6273 |
| 650 ## - SUBJECT ADDED ENTRY--TOPICAL TERM |
| Topical term or geographic name entry element |
VALUATION ACT 2001 |
| 650 ## - SUBJECT ADDED ENTRY--TOPICAL TERM |
| Topical term or geographic name entry element |
WESTMINSTER CC V SOUTHERN RAILWAY CO |
| 650 ## - SUBJECT ADDED ENTRY--TOPICAL TERM |
| Topical term or geographic name entry element |
WILLIAMS (VO) V SCOTTISH AND NEWCASTLE RETAIL LTD AND ANOTHER |
| 690 ## - LOCAL SUBJECT ADDED ENTRY--TOPICAL TERM (OCLC, RLIN) |
| Topical term or geographic name as entry element |
RATING AND LOCAL TAXATION |
| 942 ## - ADDED ENTRY ELEMENTS (KOHA) |
| Suppress in OPAC |
0 |